Statistiken für 100 größte Städte Europas auf einer Karte

Klicken Sie hier um das Quiz zu spielen!

Allgemein

  • Dieses Quiz wurde 485 mal gespielt
  • Das Durchschnittsergebnis liegt bei 64 aus 100

Antworten auf der Karte

Die Antworten werden auf der Karte rot bzw. grün angezeigt, abhängig davon wie oft sie richtig erraten wurden.
 

Antwortstatistiken

LandEinwohnerStadt% Korrekt
Deutschland3.677.472Berlin
99%
Deutschland1.853.935Hamburg
99%
Vereinigtes Königreich8.776.535London
99%
Spanien3.277.451Madrid
99%
Russland13.010.112Moskau
99%
Deutschland1.487.708München
99%
Norwegen709.037Oslo
99%
Frankreich2.145.906Paris
99%
Italien2.748.109Rom
99%
Ukraine2.952.301Kiew
98%
Polen1.860.281Warschau
98%
Österreich1.982.097Wien
98%
Spanien1.627.559Barcelona
97%
Türkei9.874.000Istanbul
97%
Niederlande921.468Amsterdam
96%
Irland592.713Dublin
96%
Deutschland1.073.096Köln
96%
Tschechien1.301.432Prag
96%
Russland5.601.911Sankt Petersburg
96%
Schweden984.748Stockholm
96%
Griechenland643.452Athen
95%
Deutschland563.290Bremen
95%
Portugal545.796Lissabon
95%
Deutschland626.275Stuttgart
95%
Deutschland759.224Frankfurt am Main
94%
Italien1.354.196Mailand
94%
Rumänien1.716.961Bukarest
93%
Finnland664.028Helsinki
93%
Ungarn1.682.426Budapest
92%
Deutschland555.351Dresden
92%
Dänemark653.648Kopenhagen
92%
Deutschland619.477Düsseldorf
91%
Deutschland586.852Dortmund
90%
Deutschland535.932Hannover
90%
Deutschland601.866Leipzig
90%
Frankreich870.321Marseille
89%
Deutschland510.632Nürnberg
89%
Kroatien663.592Zagreb
89%
Belarus1.995.471Minsk
88%
Italien913.462Neapel
88%
Bulgarien1.183.454Sofia
87%
Vereinigtes Königreich506.552Liverpool
86%
Lettland620.974Riga
85%
Niederlande664.071Rotterdam
84%
Serbien1.197.714Belgrad
83%
Deutschland579.432Essen
83%
Frankreich522.228Lyon
83%
Italien841.600Turin
80%
Spanien788.842Valencia
80%
Vereinigtes Königreich631.690Glasgow
79%
Vereinigtes Königreich505.310Edinburgh
78%
Vereinigtes Königreich1.121.408Birmingham
77%
Litauen546.155Vilnius
77%
Spanien684.340Sevilla
76%
Polen800.653Krakau
71%
Italien630.167Palermo
71%
Niederlande562.416Den Haag
70%
Moldawien532.513Chișinău
64%
Italien558.745Genua
64%
Belgien530.630Antwerpen
63%
Schweden596.841Göteborg
63%
Ukraine1.010.537Odessa
60%
Spanien578.063Málaga
57%
Frankreich498.003Toulouse
56%
Vereinigtes Königreich536.321Leeds
54%
Ukraine901.645Donezk
52%
Ukraine717.273Lwiw
47%
Ukraine1.421.125Charkiw
45%
Polen672.929Breslau
44%
Polen670.642Łódź
44%
Polen546.859Posen
42%
Russland1.142.162Rostow am Don
39%
Spanien681.430Saragossa
38%
Vereinigtes Königreich500.552Sheffield
35%
Russland1.028.036Wolgograd
35%
Russland1.308.660Kasan
33%
Ukraine968.502Dnipro
25%
Russland1.144.809Ufa
25%
Russland1.099.344Krasnodar
24%
Russland1.034.002Perm
23%
Russland1.173.299Samara
23%
Russland1.226.076Nischni Nowgorod
16%
Russland1.057.681Woronesch
16%
Russland901.361Saratow
15%
Belarus501.802Homel
12%
Russland623.254Machatschkala
11%
Ukraine710.052Saporischschja
10%
Russland577.279Jaroslawl
9%
Russland543.654Orenburg
9%
Russland528.599Rjasan
7%
Russland547.443Stawropol
7%
Russland684.709Toljatti
7%
Russland623.472Ischewsk
6%
Ukraine603.904Krywyj Rih
6%
Russland496.403Lipezk
6%
Russland501.109Pensa
6%
Russland617.352Uljanowsk
6%
Russland520.962Balaschicha
4%
Russland497.807Tscheboksary
4%
Russland548.434Nabereschnyje Tschelny⁠
3%

Verteilung der Resultate

Perzentil nach korrekt beantworteten Fragen

Anzahl Personen mit jedem Resultat

Ihre Resultats-Entwicklung

Sie haben dieses Quiz noch nicht gespielt